Anthropology : (Record no. 10354)

MARC details
000 -LEADER
fixed length control field 00623cam a2200193 4500
001 - CONTROL NUMBER
control field 6976
005 - DATE AND TIME OF LATEST TRANSACTION
control field 20250610155309.0
008 - FIXED-LENGTH DATA ELEMENTS--GENERAL INFORMATION
fixed length control field 250610b |||||||| |||| 00| 0 eng d
020 ## - INTERNATIONAL STANDARD BOOK NUMBER
International Standard Book Number 9780631206590
082 ## - DEWEY DECIMAL CLASSIFICATION NUMBER
Classification number 306 HER
100 ## - MAIN ENTRY--PERSONAL NAME
Personal name Herzfeld, Michael.
245 00 - TITLE STATEMENT
Title Anthropology :
Remainder of title theoretical practice in culture and society.
260 ## - PUBLICATION, DISTRIBUTION, ETC.
Place of publication, distribution, etc. Oxford :
Name of publisher, distributor, etc. Blackwell Publishers.,
Date of publication, distribution, etc. 2001.
300 ## - PHYSICAL DESCRIPTION
Extent x, 354 p. :
Other physical details ill., ;
Dimensions 25 cm.
504 ## - BIBLIOGRAPHY, ETC. NOTE
Bibliography, etc. note Includes bibliographical references and index.
650 #0 - SUBJECT ADDED ENTRY--TOPICAL TERM
Topical term or geographic name entry element Autobiography
General subdivision Women authors.
Topical term or geographic name entry element Literature
General subdivision Women authors
-- History and criticism.
942 ## - ADDED ENTRY ELEMENTS (KOHA)
Source of classification or shelving scheme Dewey Decimal Classification
Koha item type Main
Holdings
Withdrawn status Lost status Source of classification or shelving scheme Damaged status Not for loan Collection code Home library Current library Shelving location Date acquired Inventory number Total Checkouts Full call number Barcode Date last seen Price effective from Koha item type Public note
    Dewey Decimal Classification     Main TEST RTC Library RTC Library Main opac 10/06/2025 19429   306 HER 30020647 10/06/2025 10/06/2025 Main Donated by Dr. Dolma
Royal Thimphu College || All Right Reserved